| 000 | 00509nam a2200169Ia 4500 | ||
|---|---|---|---|
| 999 |
_c36607 _d36607 |
||
| 003 | OSt | ||
| 005 | 20201214120051.0 | ||
| 008 | 190216s9999||||xx |||||||||||||| ||und|| | ||
| 040 | _coclc | ||
| 082 |
_a621.38043 _bYOU/S |
||
| 100 |
_aYoung, I T _97441 |
||
| 245 | 0 |
_aSignal Processing 3 : Theories And Applications / _cI T Young |
|
| 260 |
_bNorth Holland, _c1986. _aNewyork: |
||
| 300 | _a1436p | ||
| 650 | _aComputer Science | ||
| 942 |
_cREF _2ddc _h621.38043 _iYOU/S _k621.38043 _mYOU/S |
||